The archaeology of coastal Bengal/ (Record no. 152651)

MARC details
000 -LEADER
fixed length control field 00631nam a22001937a 4500
005 - DATE AND TIME OF LATEST TRANSACTION
control field 20180612105138.0
010 ## - LCCN (DPL NO)
LC control number ENG-123198
020 ## - INTERNATIONAL STANDARD BOOK NUMBER
International Standard Book Number 0199481687
Terms of availability 1250.00
035 ## - SYSTEM CONTROL NUMBER
System control number EN-106730
037 ## - SOURCE OF ACQUISITION
Source of stock number/acquisition DBAD/PUB
082 ## - DEWEY DECIMAL CLASSIFICATION NUMBER
Classification number 930.1
100 ## - MAIN ENTRY--PERSONAL NAME
Personal name Chattopadhyay, Rupendra kumar
245 ## - TITLE STATEMENT
Title The archaeology of coastal Bengal/
Statement of responsibility, etc by Rupendra Kumar Chattopadhyay
260 ## - PUBLICATION, DISTRIBUTION, ETC. (IMPRINT)
Place of publication, distribution, etc New Delhi
Name of publisher, distributor, etc Oxford university press
Date of publication, distribution, etc 2018
270 ## - ADDRESS
Address 2/11 Ground floor, Ansari road, Daryaganj,
City New Delhi
Postal code 110002
300 ## - PHYSICAL DESCRIPTION
Extent 337p.
Dimensions 22cm(Hb)
500 ## - GENERAL NOTE
General note it includes references and index
942 ## - ADDED ENTRY ELEMENTS (KOHA)
Source of classification or shelving scheme Dewey Decimal Classification
Item type English Books
Call number suffix CHA
Classification part 930.1
Holdings
Withdrawn status Lost status Not for loan Collection code Home library Current library Date acquired Source of acquisition Cost, normal purchase price Full call number Barcode Copy number Cost, replacement price Koha item type
      Non-fiction Shahdara Branch Shahdara Branch 12/06/2018 DBAD/PUB 1250.00 930.1 CHA EN-106730 1 1250.00 English Books

© Delhi Public Library
Hit Counter
free hit counter